| 000 | 00732cam a2200229 a 4500 | ||
|---|---|---|---|
| 001 | 3874085 | ||
| 005 | 20180118073546.0 | ||
| 008 | 890901s1990 mou b 000 0 eng | ||
| 010 | _a 89063120 | ||
| 020 |
_a1556123043 : _c$8.95 |
||
| 040 |
_aDLC _cDLC _dDLC |
||
| 041 | _aeng | ||
| 080 | _a174.2 FLY | ||
| 082 | 0 | 0 |
_a174.2 FLY _220 |
| 100 | 1 | _a10 | |
| 101 | _aNUT | ||
| 245 | 1 | 0 |
_aHard decisions : _cEileen P. Flynn. |
| 504 | _aIncludes bibliographical references. | ||
| 906 |
_a7 _bcbc _corignew _d2 _eopcn _f19 _gy-gencatlg |
||
| 942 |
_2ddc _cBK |
||
| 999 |
_c40480 _d40480 |
||